F1 Podiums 1996 - Statistics

General Stats
  • This quiz has been taken 225 times
  • The average score is 9 of 10
Answer Stats
Answer % Correct
Damon Hill
99%
Michael Schumacher
99%
Jacques Villeneuve
95%
David Coulthard
88%
Mika Hakkinen
88%
Eddie Irvine
87%
Olivier Panis
83%
Jean Alesi
81%
Gerhard Berger
80%
Johnny Herbert
74%
No matching quizzes found
Score Distribution
Percent of People with Each Score
Percentile by Number Answered
Your Score History
You have not taken this quiz